Empires Quiz #1 - Statistics

General Stats
  • This quiz has been taken 11 times
  • The average score is 11 of 22
Answer Stats
I don't know Empire % Correct
1 German
100%
0 Italian
100%
4 British
89%
18 French
89%
5 Russian
89%
2 Spanish
89%
15 Japanese
78%
7 Ottoman
78%
12 Portuguese
67%
17 Greek
56%
3 Mexican
44%
9 Qing
44%
11 Arabian
33%
21 Korean
33%
6 Egyptian
22%
20 Indian
22%
8 Romanian
22%
16 Ukrainian
22%
13 Irish
11%
19 African
0%
10 Chineese
0%
14 Lankan
0%
No matching quizzes found
Score Distribution
Percent of People with Each Score
Percentile by Number Answered
Your Score History
You have not taken this quiz